00000000nas##2200000za#4500
0019.509385
003CaOODSP
00520200325103557
007ta
008150406c1997||||xxc|| m #||||f|   |0fre|d
040 |aCaOODSP|bfre
041 |aeng
041 |afre
043 |an-cn---
0861 |aH12-30
1101 |aCanada.|bSanté Canada. |bDirection générale de la protection de la santé.
24510|aAlerte: matériels médicaux / |cPublié par la Direction des médicaments et des matériels médicaux.
260 |aOttawa - Ontario : |bSanté Canada.
310 |aIrrégulier
500 |a«A: Tous les médecins et chirurgiens canadiens.»--Page 1.
5203 |aA: Tous les médecins et chirurgiens canadiens.--Page 1
546 |aBilingue
563 |aDépliant
7760#|tAlert - medical devices / |w(CaOODSP)9.500603
791 |tAlert: medical devices / |eeng|w(CaOODSP)9.509384